[Event "7th EuropCh Men"]
[Site "Kusadasi / Turkey"]
[Date "2006.04.05"]
[Round "2"]
[White "Vehi Bach, Victor"]
[Black "Hillarp Persson, Tiger"]
[Result "1/2-1/2"]
[WhiteElo "2335"]
[BlackElo "2524"]
[PlyCount "76"]
[EventDate "2006.04.04"]
[EventRounds "11"]
[EventCountry "AUT"]

1. e4 c5 2. Nf3 d6 3. d4 cxd4 4. Nxd4 Nf6 5. Nc3 a6 6. Be3 e6 7. f4 b5 8. Qf3
Bb7 9. Bd3 Nbd7 10. g4 b4 11. Nce2 e5 12. Nb3 d5 13. Ng3 Rc8 14. g5 Nxe4 15.
Nxe4 Qc7 16. O-O dxe4 17. Bxe4 Bxe4 18. Qxe4 Be7 19. fxe5 Qxe5 20. Qxe5 Nxe5
21. Rf5 Ng6 22. Bc5 O-O 23. Bxe7 Nxe7 24. Rc5 Ng6 25. a3 bxa3 26. Rxa3 Rcd8 27.
Rxa6 Rd1+ 28. Kf2 Rh1 29. Rac6 Rxh2+ 30. Kg3 Rh5 31. Nd4 h6 32. gxh6 Rxh6 33.
Rc8 Ne7 34. Rxf8+ Kxf8 35. b4 Rd6 36. c3 Ke8 37. Nf5 Nxf5+ 38. Rxf5 Rd3+
1/2-1/2

[Event "7th EuropCh Men"]
[Site "Kusadasi / Turkey"]
[Date "2006.04.05"]
[Round "2"]
[White "Sulskis, Sarunas"]
[Black "Simeonidis, Ioannis"]
[Result "1-0"]
[WhiteElo "2497"]
[BlackElo "2307"]
[PlyCount "63"]
[EventDate "2006.04.04"]
[EventRounds "11"]
[EventCountry "AUT"]

1. e4 c6 2. c4 d5 3. exd5 cxd5 4. d4 Nf6 5. Nc3 e6 6. Nf3 Bb4 7. cxd5 Nxd5 8.
Bd2 Nc6 9. Bd3 O-O 10. O-O Nce7 11. h4 h6 12. Qc1 Nf5 13. Bxf5 exf5 14. Nxd5
Bxd2 15. Qc5 b6 16. Ne7+ Kh8 17. Qa3 Bf4 18. Nxc8 Qxc8 19. d5 Qd7 20. Qd3 Rfe8
21. Rfe1 Rxe1+ 22. Rxe1 Rd8 23. h5 Kg8 24. b3 Bb8 25. Nh4 Qd6 26. g3 Qb4 27.
Re2 Qg4 28. Nxf5 Qxh5 29. d6 Qg5 30. d7 Qc1+ 31. Kh2 Kf8 32. Qe4 1-0

[Event "7th EuropCh Men"]
[Site "Kusadasi / Turkey"]
[Date "2006.04.05"]
[Round "2"]
[White "Yagiz, Yasin Emrah"]
[Black "Shanava, Konstantine"]
[Result "0-1"]
[WhiteElo "2279"]
[BlackElo "2484"]
[PlyCount "80"]
[EventDate "2006.04.04"]
[EventRounds "11"]
[EventCountry "AUT"]

1. Nf3 Nf6 2. c4 b6 3. g3 Bb7 4. Bg2 g6 5. b3 Bg7 6. Bb2 O-O 7. O-O d6 8. d4
Nbd7 9. Nc3 a6 10. Qc2 c5 11. d5 b5 12. Nd2 Rb8 13. a4 bxc4 14. bxc4 Qa5 15.
Nb3 Qc7 16. Nd1 e6 17. e4 exd5 18. exd5 Bc8 19. Bc3 Ne5 20. Ne3 Nfg4 21. Nxg4
Bxg4 22. Na5 Bf5 23. Qd2 Rb4 24. Bxe5 Bxe5 25. Nc6 Rxc4 26. Nxe5 dxe5 27. Rac1
Rd4 28. Qc3 Rc8 29. Rfd1 Qd6 30. Re1 h5 31. Qe3 e4 32. f3 Rd3 33. Qf2 exf3 34.
Bxf3 c4 35. Red1 Rxd1+ 36. Rxd1 c3 37. Rc1 c2 38. Qd2 Qa3 39. Kg2 Rb8 40. d6
Rd8 0-1

[Event "7th EuropCh Men"]
[Site "Kusadasi / Turkey"]
[Date "2006.04.05"]
[Round "2"]
[White "Iljushin, Alexei"]
[Black "Ziska, Helgi Dam"]
[Result "1/2-1/2"]
[WhiteElo "2483"]
[BlackElo "2306"]
[PlyCount "110"]
[EventDate "2006.04.04"]
[EventRounds "11"]
[EventCountry "AUT"]

1. d4 Nf6 2. c4 g6 3. Nc3 Bg7 4. e4 d6 5. f3 O-O 6. Nge2 c5 7. d5 e6 8. Ng3
exd5 9. cxd5 h5 10. Bg5 Qb6 11. Qb3 Qa5 12. Be2 a6 13. Qc2 b5 14. Qd2 Nbd7 15.
O-O Nh7 16. Bh6 h4 17. Bxg7 Kxg7 18. Nh1 f5 19. exf5 gxf5 20. Nf2 Ne5 21. f4
Ng6 22. Nh3 Nf6 23. Ng5 Re8 24. Bf3 Ra7 25. g3 hxg3 26. hxg3 Rae7 27. a3 Bd7
28. Qc2 Qb6 29. Ne6+ Bxe6 30. dxe6 c4+ 31. Kg2 Qc5 32. Rad1 Rxe6 33. Rf2 Re3
34. Bd5 Ne7 35. Bf3 Ng4 36. Ne4 Rxf3 37. Rxf3 fxe4 38. Qxe4 d5 39. Qe6 Nf6 40.
Qe3 Qxe3 41. Rxe3 Nf5 42. Rxe8 Nxe8 43. Kf3 Nc7 44. g4 Ne7 45. f5 Nc6 46. g5 a5
47. Kf4 b4 48. axb4 axb4 49. Rh1 Ne8 50. Rh6 Nd4 51. Ke5 Nf3+ 52. Kxd5 c3 53.
bxc3 bxc3 54. Rc6 c2 55. Rxc2 Nxg5 1/2-1/2

[Event "7th EuropCh Men"]
[Site "Kusadasi / Turkey"]
[Date "2006.04.05"]
[Round "2"]
[White "Pashikian, Arman"]
[Black "Can, Emre"]
[Result "1/2-1/2"]
[WhiteElo "2475"]
[BlackElo "2277"]
[PlyCount "89"]
[EventDate "2006.04.04"]
[EventRounds "11"]
[EventCountry "AUT"]

1. d4 Nf6 2. Nf3 d5 3. e3 e6 4. Bd3 c5 5. O-O Nc6 6. b3 Bd6 7. Bb2 O-O 8. Nbd2
b6 9. a3 Bb7 10. Qe2 Qc7 11. dxc5 bxc5 12. Bxf6 gxf6 13. e4 Ne5 14. Rad1 Nxd3
15. Qxd3 Rad8 16. exd5 Bxd5 17. Qc3 Be7 18. Rfe1 Rd7 19. Ne4 Qf4 20. Nxc5 Rc7
21. b4 Bxc5 22. bxc5 Rfc8 23. Rxd5 exd5 24. g3 Qh6 25. Nd4 Rxc5 26. Qd3 Qg6 27.
Qa6 Rc4 28. Qxa7 Qg4 29. Nb5 Re4 30. Rf1 Qe6 31. Nd4 Qe7 32. Qa6 Re8 33. Nf3
Qe6 34. Qb5 Rc8 35. Qd3 Qc6 36. Qd2 Qc3 37. Qd1 Qxa3 38. Nh4 Rce8 39. Qxd5 R4e5
40. Qc6 Qe7 41. Qf3 Re1 42. Ng2 Rxf1+ 43. Kxf1 Qe4 44. Qd1 Rc8 45. Ne3 1/2-1/2

[Event "7th EuropCh Men"]
[Site "Kusadasi / Turkey"]
[Date "2006.04.05"]
[Round "2"]
[White "Yeke, Serkan"]
[Black "Saric, Ante"]
[Result "0-1"]
[WhiteElo "2255"]
[BlackElo "2474"]
[PlyCount "84"]
[EventDate "2006.04.04"]
[EventRounds "11"]
[EventCountry "AUT"]

1. Nf3 c5 2. c4 Nc6 3. d4 cxd4 4. Nxd4 e6 5. Nc3 Bb4 6. Nc2 Bxc3+ 7. bxc3 Qa5
8. Qd3 d5 9. cxd5 exd5 10. g3 Nge7 11. Nd4 O-O 12. Bd2 Ne5 13. Qb5 Qc7 14. Bg2
Bd7 15. Qb3 Nc4 16. Bf4 Qc8 17. O-O b6 18. Rfd1 Qa6 19. a4 Na5 20. Qb4 Nac6 21.
Nxc6 Nxc6 22. Qb5 Qxb5 23. axb5 Na5 24. Rxd5 Be6 25. Rdd1 Rac8 26. Bd6 Rfe8 27.
Bb4 Bc4 28. Bxa5 bxa5 29. Bc6 Rxe2 30. Rxa5 Rb2 31. Rd7 Re8 32. Rd4 Re1+ 33.
Kg2 Bf1+ 34. Kf3 g5 35. Kg4 Rxf2 36. Rxa7 Re5 37. h4 Be2+ 38. Kh3 Bf1+ 39. Kg4
Be2+ 40. Kh3 Bf1+ 41. Kg4 h5+ 42. Kxh5 Be2+ 0-1

[Event "7th EuropCh Men"]
[Site "Kusadasi / Turkey"]
[Date "2006.04.05"]
[Round "2"]
[White "Jovanic, Ognjen"]
[Black "Makoli, Perparim"]
[Result "1-0"]
[WhiteElo "2473"]
[BlackElo "2251"]
[PlyCount "69"]
[EventDate "2006.04.04"]
[EventRounds "11"]
[EventCountry "AUT"]

1. d4 d5 2. c4 e6 3. Nc3 Nf6 4. cxd5 Nxd5 5. e4 Nxc3 6. bxc3 Be7 7. Nf3 b6 8.
Bd3 Bb7 9. O-O O-O 10. c4 Bf6 11. e5 Be7 12. Be3 g6 13. Rb1 Nc6 14. Be4 Rb8 15.
Qe2 Na5 16. Bxb7 Nxb7 17. Rfd1 c6 18. Qc2 Qc7 19. h4 f5 20. Bf4 Qd7 21. Qa4 Ra8
22. g3 Rfd8 23. Kg2 Qc7 24. Qa6 Na5 25. Bd2 Nb7 26. c5 b5 27. a4 Bxc5 28. dxc5
Rxd2 29. axb5 Rxd1 30. Rxd1 Nxc5 31. Qxc6 Rc8 32. Qd6 Qb7 33. Rc1 Qxb5 34. Ng5
Qb4 35. Rxc5 1-0

[Event "7th EuropCh Men"]
[Site "Kusadasi / Turkey"]
[Date "2006.04.05"]
[Round "2"]
[White "Duman, Aydin"]
[Black "Kosintseva, Nadezhda"]
[Result "0-1"]
[WhiteElo "2214"]
[BlackElo "2469"]
[PlyCount "76"]
[EventDate "2006.04.04"]
[EventRounds "11"]
[EventCountry "AUT"]

1. e4 c5 2. Nf3 Nc6 3. Bb5 g6 4. O-O Bg7 5. c3 Nf6 6. Qa4 Qb6 7. Re1 O-O 8. d4
cxd4 9. cxd4 d5 10. e5 Ne4 11. Nbd2 Bd7 12. Bxc6 Bxc6 13. Qa3 f6 14. exf6 exf6
15. Nb3 Rfe8 16. Be3 Qb5 17. Qa5 Bf8 18. Rec1 Qe2 19. Rab1 b6 20. Qe1 Qxe1+ 21.
Nxe1 Bb5 22. Nf3 Nd6 23. Nbd2 Nf5 24. Rc3 Re6 25. Nf1 Bb4 26. Rc7 Bd6 27. Rc3
Rae8 28. Bd2 Re2 29. a3 R2e4 30. Ng3 Nxd4 31. Nxe4 Ne2+ 32. Kh1 dxe4 33. Rb3
Ba4 34. Re1 Bxb3 35. Rxe2 Bc5 36. Kg1 Kf7 37. Nh4 Rd8 38. g3 Bd1 0-1

[Event "7th EuropCh Men"]
[Site "Kusadasi / Turkey"]
[Date "2006.04.05"]
[Round "2"]
[White "Arlandi, Ennio"]
[Black "De Lange, Hans"]
[Result "1-0"]
[WhiteElo "2453"]
[BlackElo "1901"]
[PlyCount "65"]
[EventDate "2006.04.04"]
[EventRounds "11"]
[EventCountry "AUT"]

1. d4 Nf6 2. c4 g6 3. Nc3 Bg7 4. e4 d6 5. Nf3 O-O 6. Be2 Bg4 7. Be3 Nfd7 8. h4
c5 9. d5 Na6 10. Qd2 h5 11. Bh6 Nc7 12. Bxg7 Kxg7 13. Ng5 Bxe2 14. Qxe2 a6 15.
f4 e6 16. O-O-O exd5 17. Nxd5 Nxd5 18. Rxd5 Nf6 19. Rd3 Qe7 20. e5 dxe5 21.
fxe5 Ng4 22. e6 Rae8 23. Rhd1 Qc7 24. Qd2 Ne5 25. Qc3 f6 26. Rd7+ Nxd7 27.
Rxd7+ Re7 28. Rxc7 Rxc7 29. Ne4 b5 30. cxb5 axb5 31. Qd3 c4 32. Qd6 Rfc8 33. e7
1-0

[Event "7th EuropCh Men"]
[Site "Kusadasi / Turkey"]
[Date "2006.04.06"]
[Round "3"]
[White "Svetushkin, Dmitry"]
[Black "Izoria, Zviad"]
[Result "1/2-1/2"]
[WhiteElo "2552"]
[BlackElo "2647"]
[PlyCount "67"]
[EventDate "2006.04.04"]
[EventRounds "11"]
[EventCountry "AUT"]

1. e4 e6 2. d4 d5 3. Nc3 Nf6 4. Bg5 dxe4 5. Nxe4 Nbd7 6. Nf3 h6 7. Nxf6+ Nxf6
8. Bh4 c5 9. Bd3 cxd4 10. Nxd4 Be7 11. O-O O-O 12. c3 Qb6 13. Qe2 Bd7 14. Rad1
Rfe8 15. Bb1 Ba4 16. Rd2 Rad8 17. Re1 Nh7 18. Qe4 Nf8 19. b3 Bc6 20. Nxc6 Rxd2
21. Nxe7+ Rxe7 22. Bxe7 Qxf2+ 23. Kh1 f5 24. Bh4 fxe4 25. Bxf2 Rxf2 26. Kg1 Rb2
27. Bxe4 b6 28. Ra1 a5 29. Bd3 Rd2 30. Bc4 Kf7 31. Rf1+ Ke7 32. Rf2 Rd1+ 33.
Rf1 Rd2 34. Rf2 1/2-1/2

[Event "7th EuropCh Men"]
[Site "Kusadasi / Turkey"]
[Date "2006.04.06"]
[Round "3"]
[White "Berescu, Alin"]
[Black "Kacheishvili, Giorgi"]
[Result "1/2-1/2"]
[WhiteElo "2461"]
[BlackElo "2605"]
[PlyCount "82"]
[EventDate "2006.04.04"]
[EventRounds "11"]
[EventCountry "AUT"]

1. e4 c6 2. d4 d5 3. Nc3 dxe4 4. Nxe4 Bf5 5. Ng3 Bg6 6. h4 h6 7. Nf3 Nd7 8. h5
Bh7 9. Bd3 Bxd3 10. Qxd3 e6 11. Bf4 Ngf6 12. O-O-O Qa5 13. Kb1 Be7 14. Ne5 O-O
15. Qe2 Rfe8 16. Ne4 Rad8 17. Rd3 Nxe4 18. Qxe4 Nxe5 19. Bxe5 Bd6 20. Rhd1 Bxe5
21. dxe5 Rxd3 22. Rxd3 Rd8 23. b4 Qc7 24. Rxd8+ Qxd8 25. g4 a5 26. a3 axb4 27.
axb4 Qg5 28. Qd4 g6 29. hxg6 Qxg6 30. Kb2 Kg7 31. Kb3 h5 32. gxh5 Qxh5 33. Kc4
Qe2+ 34. Kc5 Qxc2+ 35. Kb6 Kg6 36. Kxb7 Kf5 37. Kc7 Qa4 38. f3 Qb5 39. Qe4+ Kg5
40. Kd6 Qb7 41. Qc4 Kg6 1/2-1/2

[Event "7th EuropCh Men"]
[Site "Kusadasi / Turkey"]
[Date "2006.04.06"]
[Round "3"]
[White "Inarkiev, Ernesto"]
[Black "Malakhatko, Vadim"]
[Result "1/2-1/2"]
[WhiteElo "2598"]
[BlackElo "2559"]
[PlyCount "43"]
[EventDate "2006.04.04"]
[EventRounds "11"]
[EventCountry "AUT"]

1. e4 c6 2. d4 d5 3. e5 Bf5 4. Nf3 e6 5. Be2 Nd7 6. O-O Bg6 7. c3 Nh6 8. Bxh6
gxh6 9. Nbd2 Be7 10. Nb3 O-O 11. Qd2 Kg7 12. Ne1 c5 13. f4 Qb6 14. Kh1 c4 15.
Nc1 f6 16. exf6+ Nxf6 17. Bf3 Bd6 18. g3 Qc7 19. Ng2 b5 20. Nh4 a5 21. Re1 Rfe8
22. a3 1/2-1/2

[Event "7th EuropCh Men"]
[Site "Kusadasi / Turkey"]
[Date "2006.04.06"]
[Round "3"]
[White "Kotanjian, Tigran"]
[Black "L"]
[Result "0-1"]
[WhiteElo "2435"]
[BlackElo "2565"]
[PlyCount "133"]
[EventDate "2006.04.04"]
[EventRounds "11"]
[EventCountry "AUT"]

1. d4 Nf6 2. Nf3 g6 3. Nbd2 d5 4. e3 Bg7 5. b4 O-O 6. c4 a5 7. b5 c5 8. bxc6
Nxc6 9. Bb2 Bf5 10. Be2 Nb4 11. O-O Bc2 12. Qc1 dxc4 13. a3 Bd3 14. Bxd3 Nxd3
15. Qxc4 Nxb2 16. Qb5 Qd5 17. Qxb2 b5 18. Rab1 Rab8 19. Rfc1 Nd7 20. Qb3 Qb7
21. a4 b4 22. Nc4 Qa6 23. Rc2 e5 24. Ncxe5 Bxe5 25. dxe5 Rfc8 26. Rbc1 Rxc2 27.
Rxc2 Qe6 28. Nd4 Qxe5 29. f4 Qe8 30. Nc6 Ra8 31. Kf2 Nb6 32. g4 Qe4 33. Rc5 Nd7
34. Rc1 h6 35. h4 Nf6 36. Ne5 Qd5 37. Qxd5 Nxd5 38. Rc5 Nc3 39. Rc7 Rb8 40. Nc6
Rb6 41. Nxa5 b3 42. Nxb3 Rxb3 43. a5 Ra3 44. g5 hxg5 45. hxg5 Nd1+ 46. Ke2 Nxe3
47. Rc5 Nf5 48. Rd5 Kf8 49. Kd2 Ke7 50. Ke2 Nd6 51. Re5+ Kd7 52. Rd5 Kc6 53.
Re5 Rb3 54. Re7 Rb7 55. Rxb7 Nxb7 56. a6 Nc5 57. a7 Kb7 58. Ke3 Kxa7 59. Kd4
Ne6+ 60. Ke5 Ng7 61. Kf6 Nh5+ 62. Kxf7 Nxf4 63. Ke7 Kb6 64. Kd6 Nh5 65. Kd5 Kc7
66. Ke6 Kc6 67. Ke5 0-1

[Event "7th EuropCh Men"]
[Site "Kusadasi / Turkey"]
[Date "2006.04.06"]
[Round "3"]
[White "Palac, Mladen"]
[Black "Dgebuadze, Alexandre"]
[Result "1/2-1/2"]
[WhiteElo "2561"]
[BlackElo "2535"]
[PlyCount "24"]
[EventDate "2006.04.04"]
[EventRounds "11"]
[EventCountry "AUT"]

1. e4 e6 2. d4 d5 3. Nc3 Bb4 4. e5 c5 5. a3 Bxa3 6. bxa3 Nc6 7. Qg4 Qa5 8. Bd2
g6 9. a4 c4 10. h4 h6 11. Nh3 Bd7 12. Qd1 Rd8 1/2-1/2

[Event "7th EuropCh Men"]
[Site "Kusadasi / Turkey"]
[Date "2006.04.06"]
[Round "3"]
[White "Georgiev, Kiril"]
[Black "Balogh, Csaba"]
[Result "1/2-1/2"]
[WhiteElo "2677"]
[BlackElo "2576"]
[PlyCount "103"]
[EventDate "2006.04.04"]
[EventRounds "11"]
[EventCountry "AUT"]

1. e4 c5 2. Nf3 d6 3. d4 cxd4 4. Nxd4 Nf6 5. Nc3 Nc6 6. Be2 e5 7. Nf3 h6 8. O-O
Be7 9. Re1 O-O 10. h3 Be6 11. Bf1 Qa5 12. Bd2 Qd8 13. Na4 d5 14. exd5 Nxd5 15.
Nxe5 Nxe5 16. Rxe5 Qc7 17. Re1 Rfd8 18. Qc1 Qc6 19. Nc3 Nxc3 20. Bxc3 Bg5 21.
f4 Bh4 22. Re5 Bf6 23. Re3 Bxc3 24. Rxc3 Qb6+ 25. Kh2 Rd4 26. Qe3 Qd6 27. Qe5
Qxe5 28. fxe5 Re4 29. Rc7 Rb8 30. Rd1 Rxe5 31. a4 g5 32. b4 Re4 33. c4 a6 34.
a5 Kg7 35. Rb1 Rf4 36. Be2 Rd8 37. Rb2 Rdd4 38. b5 Bxc4 39. Bxc4 Rxc4 40. b6
Rxc7 41. bxc7 Rc4 42. Rxb7 Kf6 43. Ra7 Ke5 44. Kg3 h5 45. Kf3 f5 46. Ke3 h4 47.
Kd3 Rc1 48. Kd2 Rc5 49. Rxa6 Rxc7 50. Rb6 Rc5 51. a6 Ra5 52. Ke2 1/2-1/2

[Event "7th EuropCh Men"]
[Site "Kusadasi / Turkey"]
[Date "2006.04.06"]
[Round "3"]
[White "Pelletier, Yannick"]
[Black "Galkin, Alexander"]
[Result "0-1"]
[WhiteElo "2570"]
[BlackElo "2618"]
[PlyCount "82"]
[EventDate "2006.04.04"]
[EventRounds "11"]
[EventCountry "AUT"]

1. d4 d5 2. c4 e6 3. Nc3 c6 4. Nf3 dxc4 5. a4 Bb4 6. e3 b5 7. Bd2 a5 8. axb5
Bxc3 9. Bxc3 cxb5 10. b3 Bb7 11. bxc4 b4 12. Bb2 Nf6 13. Bd3 Nbd7 14. Qc2 O-O
15. O-O Qc7 16. e4 e5 17. c5 exd4 18. Bxd4 h6 19. Rac1 Bc6 20. Rfe1 Nh5 21. Ba1
a4 22. Nd4 Ne5 23. Nb5 Qe7 24. Nd6 Qg5 25. Be2 Nf4 26. g3 b3 27. Qc3 Nxe2+ 28.
Rxe2 Nd3 29. Rd1 Nf4 30. Red2 Ne6 31. Rd5 Bxd5 32. exd5 Nxc5 33. Qxc5 a3 34.
Bc3 b2 35. Ne4 Qc1 36. Qd4 f6 37. Kg2 Qb1 38. Rc1 Qxc1 39. d6 Kh8 40. Nc5 a2
41. Ne6 Rac8 0-1

[Event "7th EuropCh Men"]
[Site "Kusadasi / Turkey"]
[Date "2006.04.06"]
[Round "3"]
[White "Erenburg, Sergey"]
[Black "Kozul, Zdenko"]
[Result "0-1"]
[WhiteElo "2554"]
[BlackElo "2606"]
[PlyCount "66"]
[EventDate "2006.04.04"]
[EventRounds "11"]
[EventCountry "AUT"]

1. e4 c5 2. Nf3 Nc6 3. d4 cxd4 4. Nxd4 Nf6 5. Nc3 d6 6. Bg5 e6 7. Qd2 a6 8.
O-O-O Bd7 9. f4 b5 10. Bxf6 gxf6 11. Kb1 Qb6 12. Nxc6 Bxc6 13. f5 Qc5 14. Bd3
b4 15. Ne2 e5 16. Ng3 Ke7 17. Bc4 h5 18. Bd5 Rc8 19. Bxc6 Rxc6 20. Rhe1 Bh6 21.
Qd3 h4 22. Nf1 Rhc8 23. Re2 a5 24. g3 a4 25. gxh4 Qb6 26. Nd2 Rxc2 27. Qxc2
Rxc2 28. Kxc2 Qc5+ 29. Kb1 Qb5 30. Rg2 Qd3+ 31. Ka1 Qc2 32. Rb1 a3 33. h5 Bxd2
0-1

[Event "7th EuropCh Men"]
[Site "Kusadasi / Turkey"]
[Date "2006.04.06"]
[Round "3"]
[White "Iordachescu, Viorel"]
[Black "Andersson, Ulf"]
[Result "1/2-1/2"]
[WhiteElo "2601"]
[BlackElo "2545"]
[PlyCount "79"]
[EventDate "2006.04.04"]
[EventRounds "11"]
[EventCountry "AUT"]

1. e4 e6 2. d4 d5 3. Nc3 Nf6 4. Bg5 dxe4 5. Nxe4 Be7 6. Bxf6 gxf6 7. Nf3 b6 8.
Bc4 Bb7 9. Qe2 c6 10. O-O Nd7 11. Nh4 O-O 12. Ng3 Kh8 13. Nhf5 c5 14. Nxe7 Qxe7
15. Nf5 Qd8 16. Nd6 Qc7 17. Nxb7 Qxb7 18. Rad1 cxd4 19. Rxd4 Ne5 20. Bd3 Qc7
21. Re1 Ng6 22. Qd2 f5 23. Rc4 Qd8 24. Qc3+ Kg8 25. g3 Ne7 26. Rd4 Nd5 27. Qd2
Qf6 28. Bc4 Nc7 29. Rd1 Ne8 30. c3 Qg7 31. Be2 Nf6 32. Bf3 Rac8 33. Rd6 h6 34.
Qd4 Rc7 35. a4 Ng4 36. Rd8 Qxd4 37. R1xd4 Ne5 38. Be2 Rxd8 39. Rxd8+ Kg7 40.
Rd4 1/2-1/2

[Event "7th EuropCh Men"]
[Site "Kusadasi / Turkey"]
[Date "2006.04.06"]
[Round "3"]
[White "Berg, Emanuel"]
[Black "Kotronias, Vasilios"]
[Result "1/2-1/2"]
[WhiteElo "2539"]
[BlackElo "2598"]
[PlyCount "104"]
[EventDate "2006.04.04"]
[EventRounds "11"]
[EventCountry "AUT"]

1. e4 c5 2. Nf3 Nc6 3. d4 cxd4 4. Nxd4 Nf6 5. Nc3 d6 6. Bg5 e6 7. Qd2 Be7 8.
O-O-O O-O 9. f3 Nxd4 10. Qxd4 a6 11. h4 Qc7 12. Kb1 b5 13. Qd2 b4 14. Ne2 Rb8
15. g4 Rd8 16. Nd4 e5 17. Nf5 Bxf5 18. exf5 d5 19. Bd3 Ne8 20. Bxe7 Qxe7 21. g5
f6 22. Rdg1 Nd6 23. h5 e4 24. Bxa6 Nxf5 25. fxe4 dxe4 26. Qf2 Qe5 27. gxf6 Qxf6
28. Bc4+ Kh8 29. Qf4 Rbc8 30. b3 Rf8 31. Rg6 Qd4 32. Re6 Ne3 33. Qxe4 Qxe4 34.
Rxe4 Nxc4 35. bxc4 h6 36. Rh3 Rf5 37. Kb2 Ra5 38. Rh2 Ra3 39. Rg2 Rc7 40. Re8+
Kh7 41. Rb8 Ra5 42. Rb5 Rxb5 43. cxb5 Rb7 44. c4 bxc3+ 45. Kxc3 Rxb5 46. Rh2 g6
47. a4 Rb8 48. a5 gxh5 49. a6 Kg6 50. Kc4 Kg5 51. Rg2+ Kf4 52. Rg6 Ke5 1/2-1/2

[Event "7th EuropCh Men"]
[Site "Kusadasi / Turkey"]
[Date "2006.04.06"]
[Round "3"]
[White "Miroshnichenko, Evgenij"]
[Black "Chuchelov, Vladimir"]
[Result "1/2-1/2"]
[WhiteElo "2597"]
[BlackElo "2538"]
[PlyCount "31"]
[EventDate "2006.04.04"]
[EventRounds "11"]
[EventCountry "AUT"]

1. c4 Nf6 2. Nf3 c5 3. g3 b6 4. Bg2 Bb7 5. O-O e6 6. Nc3 Be7 7. Re1 Ne4 8. d4
Nxc3 9. bxc3 Be4 10. Bf1 d6 11. Nd2 Bb7 12. e4 Nd7 13. Bd3 Bf6 14. Nb3 O-O 15.
a4 Qc7 16. Be3 1/2-1/2

[Event "7th EuropCh Men"]
[Site "Kusadasi / Turkey"]
[Date "2006.04.06"]
[Round "3"]
[White "Mamedov, Rauf"]
[Black "Azarov, Sergei"]
[Result "1-0"]
[WhiteElo "2529"]
[BlackElo "2592"]
[PlyCount "98"]
[EventDate "2006.04.04"]
[EventRounds "11"]
[EventCountry "AUT"]

1. e4 e5 2. Nf3 Nc6 3. Bc4 Bc5 4. c3 Nf6 5. d3 a6 6. O-O Ba7 7. Bb3 O-O 8. Re1
d6 9. h3 h6 10. Nbd2 Nh5 11. Nf1 Qf6 12. Ne3 Nf4 13. Ng4 Qg6 14. Bxf4 exf4 15.
d4 Bxg4 16. hxg4 Qxg4 17. Qd3 Rae8 18. Bd5 Qd7 19. Qd2 g5 20. Qe2 Kg7 21. Nh2
f5 22. Qh5 Ne7 23. Bxb7 c5 24. Bxa6 cxd4 25. Bd3 dxc3 26. bxc3 Ng8 27. exf5 Qf7
28. Qg6+ Qxg6 29. fxg6 Nf6 30. Rab1 Rxe1+ 31. Rxe1 Re8 32. Rxe8 Nxe8 33. Nf3
Nf6 34. Nd4 Ng4 35. a4 Ne5 36. Be4 Bb6 37. Kf1 d5 38. Ne6+ Kg8 39. Bxd5 Nxg6
40. Nxg5+ Kg7 41. Ne4 Ne5 42. Ke2 h5 43. f3 h4 44. c4 Nd7 45. Bc6 Nc5 46. a5
Ba7 47. Nxc5 Bxc5 48. Kd3 Kf6 49. Ke4 Bd6 1-0

[Event "7th EuropCh Men"]
[Site "Kusadasi / Turkey"]
[Date "2006.04.06"]
[Round "3"]
[White "Macieja, Bartlomiej"]
[Black "Czarnota, Pawel"]
[Result "1/2-1/2"]
[WhiteElo "2584"]
[BlackElo "2529"]
[PlyCount "30"]
[EventDate "2006.04.04"]
[EventRounds "11"]
[EventCountry "AUT"]

1. e4 c6 2. c4 d5 3. cxd5 cxd5 4. exd5 Nf6 5. Qa4+ Nbd7 6. Nc3 g6 7. Nf3 Bg7 8.
Bc4 O-O 9. d3 a6 10. Qa3 Qc7 11. Be3 Ne5 12. Nxe5 Qxe5 13. d4 Qb8 14. Be2 b5
15. Qb3 Bb7 1/2-1/2

[Event "7th EuropCh Men"]
[Site "Kusadasi / Turkey"]
[Date "2006.04.06"]
[Round "3"]
[White "Turov, Maxim"]
[Black "Nijboer, Friso"]
[Result "1-0"]
[WhiteElo "2539"]
[BlackElo "2584"]
[PlyCount "81"]
[EventDate "2006.04.04"]
[EventRounds "11"]
[EventCountry "AUT"]

1. d4 Nf6 2. c4 g6 3. Nc3 Bg7 4. e4 d6 5. f4 c5 6. d5 O-O 7. Nf3 e6 8. dxe6
fxe6 9. Bd3 Nc6 10. O-O a6 11. Bd2 Nd4 12. Qe1 Nd7 13. Rd1 Nb8 14. Ng5 Nbc6 15.
e5 h6 16. Nf3 dxe5 17. Nxe5 Nxe5 18. fxe5 Rxf1+ 19. Qxf1 Bd7 20. Bxg6 Qe7 21.
Qf4 Bc6 22. Qg4 Nf5 23. Nd5 exd5 24. Bxf5 Qxe5 25. Bxh6 Rf8 26. Be6+ Kh7 27.
Qxg7+ Qxg7 28. Bxg7 Kxg7 29. Bxd5 Rd8 30. Rd3 Kf6 31. Rf3+ Ke5 32. Bxc6 bxc6
33. g3 a5 34. b3 a4 35. bxa4 Kd4 36. Rf4+ Ke3 37. h4 Rd2 38. h5 Rxa2 39. h6
Rxa4 40. h7 Ra8 41. Rh4 1-0

[Event "7th EuropCh Men"]
[Site "Kusadasi / Turkey"]
[Date "2006.04.06"]
[Round "3"]
[White "Kurnosov, Igor"]
[Black "Ivanchuk, Vassily"]
[Result "0-1"]
[WhiteElo "2526"]
[BlackElo "2723"]
[PlyCount "114"]
[EventDate "2006.04.04"]
[EventRounds "11"]
[EventCountry "AUT"]

1. e4 c6 2. d4 d5 3. e5 Bf5 4. h4 h6 5. g4 Bd7 6. Nd2 e6 7. Nb3 a5 8. a4 Na6 9.
Be3 Qc7 10. Nf3 h5 11. gxh5 Rxh5 12. c3 Ne7 13. Bd3 Nf5 14. Qe2 Qb6 15. Nbd2 c5
16. Ng5 Rh8 17. Ndf3 g6 18. Kf1 cxd4 19. Nxd4 Nc5 20. Bb5 Qc7 21. Nxf5 gxf5 22.
Bf4 Rc8 23. Rd1 Bxb5 24. axb5 Ne4 25. f3 Nxg5 26. Bxg5 Be7 27. Kg2 Qc4 28. Qxc4
Rxc4 29. Bxe7 Kxe7 30. Ra1 b6 31. h5 Rc5 32. b4 Rxb5 33. Rh4 f6 34. exf6+ Kxf6
35. Kf2 d4 36. Rxd4 Rxh5 37. bxa5 bxa5 38. Rda4 Rh2+ 39. Ke3 Re5+ 40. Kd3 Rf2
41. f4 Rf3+ 42. Kd2 Rf2+ 43. Kd3 Rf3+ 44. Kd2 Rb5 45. R1a2 Rb1 46. Rxa5 Rxf4
47. Ra6 Rh1 48. Kc2 Rf2+ 49. Kd3 Rh3+ 50. Kc4 Rxa2 51. Rxa2 f4 52. Kb4 e5 53.
c4 e4 54. c5 f3 55. c6 e3 56. c7 Rh8 57. Rh2 Rc8 0-1

[Event "7th EuropCh Men"]
[Site "Kusadasi / Turkey"]
[Date "2006.04.06"]
[Round "3"]
[White "Sakaev, Konstantin"]
[Black "Sulskis, Sarunas"]
[Result "0-1"]
[WhiteElo "2637"]
[BlackElo "2497"]
[PlyCount "52"]
[EventDate "2006.04.04"]
[EventRounds "11"]
[EventCountry "AUT"]

1. d4 Nf6 2. c4 e6 3. Nc3 Bb4 4. Qc2 c5 5. dxc5 O-O 6. a3 Bxc5 7. Nf3 b6 8. Bf4
Bb7 9. Rd1 d5 10. cxd5 Nxd5 11. Nxd5 Bxd5 12. Ng5 g6 13. e4 Qf6 14. Qd2 Bb7 15.
e5 Qg7 16. b4 Be7 17. Qe3 Bd5 18. Ne4 a5 19. Nc3 g5 20. Nxd5 exd5 21. Bg3 axb4
22. a4 Nc6 23. Rxd5 Rxa4 24. Qc1 b3 25. Qxc6 Ra1+ 26. Kd2 Bb4+ 0-1

[Event "7th EuropCh Men"]
[Site "Kusadasi / Turkey"]
[Date "2006.04.06"]
[Round "3"]
[White "Brkic, Ante"]
[Black "Fressinet, Laurent"]
[Result "1/2-1/2"]
[WhiteElo "2526"]
[BlackElo "2633"]
[PlyCount "158"]
[EventDate "2006.04.04"]
[EventRounds "11"]
[EventCountry "AUT"]

1. e4 e5 2. Nf3 Nc6 3. Bb5 a6 4. Ba4 Nf6 5. O-O Nxe4 6. d4 b5 7. Bb3 d5 8. dxe5
Be6 9. Nbd2 Be7 10. c3 O-O 11. Bc2 f5 12. Nb3 Qd7 13. Nfd4 Nxd4 14. Nxd4 c5 15.
Nxe6 Qxe6 16. f3 Ng5 17. Bxg5 Bxg5 18. f4 Be7 19. Qf3 Rad8 20. Rad1 c4 21. Kh1
Bc5 22. Rd2 Rd7 23. Rfd1 Rfd8 24. b3 g6 25. h3 h5 26. Kh2 Kg7 27. a4 b4 28. a5
d4 29. cxd4 Bxd4 30. Kh1 c3 31. Rd3 Bc5 32. Kh2 h4 33. g3 hxg3+ 34. Kxg3 Ba7
35. Qe2 Rxd3+ 36. Rxd3 Rxd3+ 37. Qxd3 Qc6 38. Qd8 Bc5 39. h4 Qe6 40. Qc7+ Be7
41. Bd3 Qf7 42. Kh3 Kh6 43. Qc8 Bf8 44. Kg3 Bg7 45. Qd8 Qxb3 46. h5 c2 47. Qg5+
Kh7 48. hxg6+ Kg8 49. Qd8+ Bf8 50. g7 Kxg7 51. Qc7+ Kh8 52. Qxc2 Qg8+ 53. Kf2
Qg4 54. Qc4 b3 55. e6 b2 56. Qd4+ Kg8 57. Qc4 Be7 58. Qc8+ Kg7 59. Qc3+ Bf6 60.
Qc7+ Kh6 61. Qb6 Qxf4+ 62. Ke2 Bd4 63. Qxa6 Qf2+ 64. Kd1 Qg1+ 65. Ke2 Qg4+ 66.
Kd2 Qf4+ 67. Ke2 Qe3+ 68. Kd1 Qc1+ 69. Ke2 Kg5 70. Qb5 Qe3+ 71. Kd1 Qg1+ 72.
Ke2 Qf2+ 73. Kd1 Qf3+ 74. Kc2 Qf2+ 75. Kd1 Qg1+ 76. Ke2 Qg4+ 77. Kd2 Qf4+ 78.
Kd1 Qf3+ 79. Kc2 Qf2+ 1/2-1/2